Language Names- Part 3 - Statistics

General Stats
  • This quiz has been taken 20 times
  • The average score is 8 of 12
Answer Stats
Native English % Correct
Český Jazyk, Čeština Czech
100%
Suomi Finnish
95%
조선말, 한국어 Korean
95%
Íslenska Icelandic
89%
ქართული Georgian
79%
Кыргыз тили Kyrgyz
74%
יִדיש ייִדיש Yiddish
74%
國語 Mandarin
68%
crnogorski, црногорски Montenegrin
63%
Тоҷикӣ Tajik
53%
Aҧсшәа Abkhaz
37%
Runasimi Quechua
11%
No matching quizzes found
Score Distribution
Percent of People with Each Score
Percentile by Number Answered
Your Score History
You have not taken this quiz